| 000 | 00000nam##2200000za#4500 |
| 001 | 9.640695 |
| 003 | CaOODSP |
| 005 | 20210624222811 |
| 007 | cr ||||||||||| |
| 008 | 150407|1995||||xxc|||||o f|0| 0 fre|d |
| 040 | |aCaOODSP|bfre |
| 043 | |an-cn--- |
| 086 | 1 |aH68-36/1995F-PDF |
| 110 | 1 |aCanada.|bConseil national du bien-être social. |
| 245 | 10|aL'aide juridique et les pauvres |h[ressource électronique] |
| 260 | |aOttawa - Ontario : |bConseil national du bien-être social |cHiver 1995. |
| 300 | |a115p.|bgraphiques, références, tableaux |
| 500 | |aSommaire: Introduction.--Pourquoi les pauvres ont besoin d'aide juridique.--Comment fonctionne l'aide juridique au Canada.--La qualité des services d'aide juridique au Canada.--Comment améliorer l'aide juridique.--Résumé et recommandations.--Notes. |
| 500 | |aLe n° de catalogue (H68-36/1995F) et l'ISBN (0-662-99667-4) imprimés dans cette publication électronique sont incorrects. |
| 590 | |a12-36-Supp|b2012-08-22 |
| 691 | 07|aAide juridique|2gcpds |
| 775 | 08|tLegal aid and the poor |w(CaOODSP)9.696585 |
| 856 | 40|ahttp://publications.gc.ca|qPDF|s6.64 Mo|uhttps://publications.gc.ca/collections/collection_2012/cnb-ncw/H68-36-1995-fra.pdf |